MDQL
is popping MORE tags! Check the
thread
!
Quizzes
Events
Quiz Creation
Community
Videos
Private Events
Remove Ads
Sign In
Join for FREE
Feedback
Dark Mode
Quiz Categories
Sports
Geography
Music
Movies
Television
Just For Fun
Miscellaneous
History
Literature
Language
Science
Gaming
Entertainment
Religion
Holiday
For Kids
Quiz Lab
Recent
Popular Today
Quiz Kudos Today
Editor Picks
Curator Picks
Quizzes by...
Day
Popularity
Type
Ratings
Length
Year
Community
Subscriptions
Recent Discussions
Orange Saloon
Badges
Playlists
Quests
Create
Leaderboards
Showdown
Live 5
Trivia Bingo
Activity
Puzzle Library
Sporcle Events
Private Events
Virtual Trivia
Globe League
Become a Host
Pub Owners
SporcleCon
Opinionation
Our Games
Videos
Blog
Mobile Apps
Partnerships
Remove Ads and Go Orange
Feedback
Movies
Disney
Marvel Cinematic Universe
Movie Resume
Movie Titles
Oscar
Actor
Actress
Director
Pixar
Role
Movie Quotes
Movie Characters
Box Office
Nominee
Best Picture
Star Wars
James Bond
Horror Movies
Movies
Disney
Marvel Cinematic Universe
Movie Resume
Movie Titles
Oscar
Actor
Actress
Director
Pixar
Role
Movie Quotes
Movie Characters
Box Office
Nominee
Best Picture
Star Wars
James Bond
Horror Movies
Random Quiz
Search Sporcle
×
Quiz Lab
Quiz Lab
Movies
Oscar
Type in answers that appear in a list
Type in answers that appear in a list
Classic
Best Score? Go Orange.
Oscar 'Only's Stats
Can you name the Oscar 'Only's?
By
craggers
10m
31 Questions
920 Plays
920 Plays
920 Plays
Comments
Comments
Give Quiz Kudos
Give Quiz Kudos
-
- Ratings
hide this ad
Random Order
Randomize order of answers
Randomize order of answers
Replay
Link that replays current quiz
Next Quiz
Link to next quiz in quiz playlist
You Got
0%
They Got
Avg Score
38%
Avg Friend Score
Upgrade to see
Score Distribution
Jump to the score distribution portion of the page
Score
0/31
Timer
10:00
0
Plays Today
The only...
Answer
% Correct
...African-
American to win Best Actress?
Halle Berry
84.3%
...posthumous Best Supporting Actor winner?
Heath Ledger
80.5%
...Shakespeare play that won Best Picture?
Hamlet
78.4%
...X-
rated (upon original release) Best Picture winner?
Midnight Cowboy
72%
...actresses tied for Best Actress (1968)?
Katharine Hepburn and Barbra Streisand
65.8%
...James Bond theme to win Best Original Song?
Skyfall
64.2%
...silent film to win Best Picture?
Wings
62.6%
...female Best Director winner?
Kathryn Bigelow
60.5%
...posthumous Best Actor winner?
Peter Finch
59.7%
...actress nominated for playing the same character in different films?
Cate Blanchett
58%
...director with four Best Director Oscars?
John Ford
50.3%
...actor whose every feature film was nominated for Best Picture?
John Cazale
44.2%
...septuagenarian Best Director?
Clint Eastwood
41.7%
...competitive 1930s Oscar winner still living?
Luise Rainer
41%
...grandfather and grand-
daughter Oscar winners?
Walter and Anjelica Huston
40.3%
...Best Picture winner without any other nominations (1931/
32)?
Grand Hotel
38.3%
The only...
Answer
% Correct
...Oscar winner for Acting and Writing (in different films)?
Emma Thompson
34.3%
...major studio never to win Best Picture?
Disney
26.7%
...Best Director nominee under the age of 25?
John Singleton
24.6%
...film with three Supporting Actress nominations? (1963)
Tom Jones
24%
...character 'nominated' for two films in the same year?
Queen Elizabeth I
23.6%
...singer to perform at the ceremony five times?
Celine Dion
18.8%
...Oscar winner called Oscar?
Oscar Hammerstein II
18.6%
...Oscar winners who have played James Bond and Bond villain in the same film?
David Niven and Orson Welles
16.7%
...Best Actress to play another Best Actress (in separate films)?
Faye Dunaway
16.6%
...German Best Actress winner?
Luise Rainer
14.9%
...Oscar winner to play The Doctor in Doctor Who?
Peter Capaldi
9.4%
...divorced couple nominated for Best Actor and Actress, in the same film?
William Powell and Carole Lombard
8.9%
...Best Director winner for the only film he ever directed?
Jerome Robbins
7.1%
...African-
American to win for Direction?
T. J. Martin
6.8%
...Best Picture winner based on a newspaper article(s)?
On The Waterfront
6.1%
Quiz Playlist
Details
Report
Send in Message
Add To Playlist
Classic:
Type in answers that appear in a list
Random Order:
Randomize order of answers
Quiz Source
Last Updated: Feb 16, 2017
Quiz Scoreboard
CHALLENGE
Sign Up to Join the Scoreboard
Show All
Scores
Hide
Comments
May contain spoilers
Recently Published
Find the 'City' Movie
by crazypaving
Movies
60s
5x2 Blitz: Bands
by SL_Kpop136
Music
30s
Colored Red Africa Blitz
by spor1
Geography
30s
More to Explore
Quiz From the Vault
Featured Blog Post
14 Easter Pick-up Lines to Find Eggs With
hide this ad
You Might Also Like...
Tags
Oscar Quiz
Today's Top Quizzes in Movies
Browse Movies
hide this ad
Today's Top Quizzes in Oscar
Browse Oscar
Top Contributed Quizzes in Movies
1
Find The 'Big' Movie
2
Find The 'Wild' Movie
3
Find The 'Blue' Movie
4
Movies By Plot
5
Hidden Star Wars Character II
6
Hidden Star Wars Character III
7
Pick 5 Posters: Directed by Spielberg
8
Hidden Star Wars Character IV
9
Alfred Hitchcock Movies by Plot
10
Hidden Star Wars Character V
Explore More
Trending Topics
Disney
Marvel
Anime
Crossword
Kpop
NBA
Harry Potter
Song
NFL
The Office
Puzzle
Pokémon
Country
Soccer
WWE
hide this ad
More By:
craggers
Quiz
Plays
Rating
Category
Featured
Created
James Bond Recurring Characters
2,275
4.70
Movies
May 1, 2010
Scottish Islands
2,203
4.67
Geography
Dec 15, 2009
Carry On Film Regulars
2,161
5.00
Movies
Nov 22, 2009
James Bond trivia
2,122
4.13
Entertainment
Dec 14, 2009
UK Number One Artists: The 1980s
1,904
5.00
Music
Nov 6, 2015
Go to Creator's Profile
Score Distribution
Quiz Creator Spotlight
craggers
Follow
Send a Message
Quizzes Created
-
Created Quiz Play Count
-
More By This Creator
Popular Quizzes Today
1
Colored Red Africa Blitz
2
Find the US States - No Outlines Minefield
3
Find the 'City' Movie
4
5x2 Blitz: Bands
5
The Countries of the World
6
Find the US States
7
US States
8
9x9 Crossword: Cartoon Network
More Movies Quizzes
Infinity Stones in Order
Published
Trending Quizzes
Colored Red Europe Blitz I
Colored Red Europe Blitz II
Colored Red Africa Blitz II
Colored Red Europe Blitz III
Colored Red Africa Blitz III
Recently Updated
Godzilla Movies
pecheneg
Grab Bag: 4-10 Letters
pecheneg
2024 March Madness Bracket
pecheneg
Famous TV Couples
Peacemaker
Champions League XIs: Real Madrid
pecheneg
Largest US Cities 1790-2010
pecheneg
Rides in Walt Disney World
pecheneg
Most Oscar Losses (Acting)
pecheneg
Beyoncé Albums
pecheneg
Leaping Animals
pecheneg
Trending Topics
Marvel
NBA
Harry Potter
Anime
Crossword
Disney
Kpop
NFL
WWE
Country
Puzzle
Soccer
The Office
Song
Pokémon
Your Account Isn't Verified!
In order to create a playlist on Sporcle, you need to verify the email address you used during registration. Go to your
Sporcle Settings
to finish the process.
Report this User
Report this user for behavior that violates our
Community Guidelines
.
Details:
Send Report
Go to the Sporcle.com Mobile Site →
Comments